| 000 | 00598pam a2200193 4500 | ||
|---|---|---|---|
| 020 | _a0471664324 | ||
| 082 | 0 | 0 |
_a624.1821 _bPAR |
| 100 | 1 |
_aParker, Harry, _940845 |
|
| 245 | 1 | 0 |
_aSimplified design of structural steel. _c4th ed. prepared by Harold D. Hauf. |
| 260 |
_aNew York, _bWiley _c[1974] |
||
| 300 |
_axiv, 326 p. _billus. _c22 cm. |
||
| 500 | _a"A Wiley-Interscience publication." | ||
| 526 |
_a0 _b0 _c0 _d624_182100000000000_PAR |
||
| 650 | 0 | _aBuilding, Iron and steel. | |
| 650 | 0 |
_aMCE _9379 |
|
| 650 | 0 | _aSteel, Structural. | |
| 700 | 1 |
_aHauf, Harold Dana. _943043 |
|
| 942 |
_2ddc _cBK |
||
| 999 |
_c546844 _d546844 |
||